[Event "RUS-ch U20"]
[Site "Ekaterinburg"]
[Date "1996.??.??"]
[Round "9"]
[White "Shariyazdanov, Andrey"]
[Black "Malakhov, Vladimir"]
[Result "1-0"]
[WhiteElo "2480"]
[BlackElo "2535"]
[PlyCount "63"]
[EventDate "1996.??.??"]
[Source "ChessBase"]

1. d4 c5 2. d5 d6 3. e4 e5 4. Nc3 Be7 5. f4 exf4 6. Bxf4 Bg5 7. Qd2 Bxf4 8. Qxf4 a6 9. e5 Qe7 10. Nf3 Nd7 11. O-O-O dxe5 12. Qg3 Qf6 13. d6 Qg6 14. Nd5 Qxg3 15. hxg3 Kf8 16. Ng5 h6 17. Nc7 Rb8 18. Bc4 hxg5 19. Rxh8 Ndf6 20. Nd5 Bg4 21. Rf1 Re8 22. Ne7 Rxe7 23. dxe7+ Kxe7 24. Rxg8 Nxg8 25. Rxf7+ Kd6 26. Rxb7 Ne7 27. Bxa6 e4 28. Kd2 Nd5 29. Rxg7 e3+ 30. Ke1 Nb4 31. Bd3 c4 32. Bh7 1-0

[Event "ROM Team Ch"]
[Site "Romania"]
[Date "1993.??.??"]
[Round "6"]
[White "Atalik, Suat"]
[Black "Gheorghiu, Florin"]
[Result "1-0"]
[WhiteElo "2535"]
[BlackElo "2475"]
[PlyCount "72"]
[EventDate "1993.??.??"]
[Source "www.chesslib.no"]
[SourceDate "2004.05.04"]

1. d4 c5 2. d5 e5 3. e4 d6 4. c4 Be7 5. Nf3 Bg4 6. Be2 Nd7 7. Nc3 a6 8. a4 Bxf3 9. Bxf3 Bg5 10. Bxg5 Qxg5 11. a5 Qd8 12. Qd2 Ngf6 13. O-O O-O 14. Ra3 Rb8 15. Rfa1 Kh8 16. Bd1 Rg8 17. Bc2 Qe7 18. Ne2 Rgc8 19. Ng3 g6 20. Ba4 Rc7 21. Rb3 Rbc8 22. Rc1 Rb8 23. Rcc3 Rbc8 24. Rf3 Rf8 25. h4 h5 26. Qg5 Ng8 27. Nf1 Qxg5 28. hxg5 Kg7 29. Bxd7 Rxd7 30. Rb6 f6 31. gxf6+ Nxf6 32. Nd2 Re8 33. Re3 Rc7 34. Nf3 Nh7 35. Nh4 Nf8 36. g3 Rec8 1-0

[Event "Moscow RUS"]
[Site "?"]
[Date "2005.02.16"]
[Round "2"]
[White "Evdokimov Alexander A"]
[Black "Ovetchkin Roman"]
[Result "1-0"]
[WhiteElo "2463"]
[BlackElo "2543"]
[PlyCount "63"]
[EventDate "2005.??.??"]
[Source "www.chesslib.no"]
[SourceDate "2004.05.04"]

1. d4 c5 2. d5 e5 3. e4 d6 4. Nc3 Be7 5. Bb5+ Nd7 6. a4 a6 7. Bd3 Bg5 8. Nf3 Bxc1 9. Qxc1 Nh6 10. Nd2 O-O 11. Nc4 Nb6 12. Ne3 a5 13. O-O Bd7 14. f4 exf4 15. Rxf4 f6 16. Bb5 Bxb5 17. Nxb5 Qd7 18. c4 Rae8 19. Qc3 Na8 20. Qxa5 g5 21. Rf3 Rxe4 22. Raf1 b6 23. Qc3 f5 24. Rh3 f4 25. Rxh6 Rxe3 26. Qc2 Qe7 27. Nxd6 Re2 28. Qd3 Rxb2 29. Re6 Qd7 30. Nf5 Ra2 31. Ne7+ Kg7 32. Qc3+ 1-0

[Event "Ch team"]
[Site "?"]
[Date "2001.??.??"]
[Round "5"]
[White "Horvath Jozsef"]
[Black "Krizsany Laszlo"]
[Result "1/2-1/2"]
[WhiteElo "2551"]
[BlackElo "2455"]
[PlyCount "206"]
[EventDate "2001.??.??"]
[Source "www.chesslib.no"]
[SourceDate "2004.05.04"]

1. d4 c5 2. d5 e5 3. e4 d6 4. c4 Be7 5. Nf3 Bg4 6. Be2 Bxf3 7. Bxf3 Bg5 8. Bxg5 Qxg5 9. Nc3 Qd8 10. Qb3 b6 11. O-O Nf6 12. a3 O-O 13. Qa2 a5 14. Bd1 Ra7 15. Ba4 Nh5 16. Qb1 g6 17. b4 cxb4 18. axb4 Na6 19. bxa5 bxa5 20. Bb5 Nc5 21. Na4 Nxa4 22. Rxa4 f5 23. exf5 Rxf5 24. g3 Raf7 25. c5 dxc5 26. Bd3 R5f6 27. Bc4 Kg7 28. Qa1 Rf5 29. Rxa5 Qg5 30. d6 Nxg3 31. hxg3 Rxf2 32. Qc3 Rxf1+ 33. Bxf1 Qf6 34. Qe1 Qxd6 35. Qe3 e4 36. Be2 Qd4 37. Qxd4+ cxd4 38. Re5 d3 39. Bd1 Rc7 40. Rxe4 Rc1 41. Re1 h5 42. Kf2 d2 43. Rg1 Rc6 44. Ke3 Rd6 45. Be2 Kh6 46. Bd3 Kg5 47. Kxd2 h4 48. gxh4+ Kxh4 49. Ke3 g5 50. Bf5 Rd5 51. Ke4 Rb5 52. Rg4+ Kh5 53. Rg3 Rb4+ 54. Ke5 g4 55. Rg1 Kh4 56. Be4 Kg5 57. Bd5 Ra4 58. Rh1 Rb4 59. Rh8 Ra4 60. Bc6 Rb4 61. Bd7 Rc4 62. Be6 Rb4 63. Bf7 Rb5+ 64. Ke4 Rb4+ 65. Ke3 Kf6 66. Bd5 Kg5 67. Kf2 Rd4 68. Be6 Re4 69. Bd7 Rd4 70. Bc8 Ra4 71. Rg8+ Kh4 72. Be6 Rf4+ 73. Kg2 Re4 74. Rh8+ Kg5 75. Bd7 Rd4 76. Bb5 Rb4 77. Be2 Ra4 78. Bd3 Rd4 79. Ba6 Ra4 80. Rg8+ Kh4 81. Be2 Re4 82. Bd3 Rd4 83. Bf5 Rf4 84. Bd7 Rd4 85. Rg7 Rd2+ 86. Kf1 Rd4 87. Kf2 Rf4+ 88. Kg2 Rd4 89. Rh7+ Kg5 90. Bb5 Rb4 91. Bd3 Rd4 92. Be2 Re4 93. Kf2 Rf4+ 94. Kg3 Re4 95. Bd1 Re3+ 96. Kf2 Re4 97. Bb3 Rb4 98. Be6 Re4 99. Bd7 Rd4 100. Be8 Rb4 101. Rh5+ Kf4 102. Bd7 Rb2+ 103. Kf1 Rb4 1/2-1/2

[Event "Campionato Rep. Ceca"]
[Site "Praga CEC"]
[Date "2007.02.13"]
[Round "8"]
[White "Polak, T."]
[Black "Vokac, M."]
[Result "1/2-1/2"]
[WhiteElo "2500"]
[BlackElo "2506"]
[PlyCount "152"]
[EventDate "2007.02.06"]
[Source "www.chesslib.no"]
[SourceDate "2004.05.04"]

1. d4 c5 2. d5 e5 3. e4 d6 4. Nf3 Be7 5. Be2 h6 6. a4 Bg5 7. Nbd2 Nf6 8. h4 Bxd2+ 9. Nxd2 Nbd7 10. Ra3 Qe7 11. Rg3 Rg8 12. Rb3 Nf8 13. Bb5+ Kd8 14. Qe2 Qc7 15. Ra3 Bg4 16. Qe3 Bd7 17. Nc4 Bxb5 18. axb5 N8d7 19. Qf3 Ke7 20. Bd2 h5 21. O-O Nb6 22. Ne3 g6 23. c4 Nfd7 24. Rfa1 Nc8 25. Qg3 Qd8 26. Nc2 Qe8 27. Bg5+ f6 28. Bd2 Kd8 29. Rf1 Kc7 30. Ba5+ Ncb6 31. Rfa1 f5 32. Qc3 Rc8 33. b4 Qe7 34. Qh3 Rcf8 35. bxc5 Nxc5 36. Bb4 Nxe4 37. Rxa7 Ra8 38. Qe3 Rxa7 39. Rxa7 Nc8 40. Ra8 Nc5 41. Nd4 Re8 42. Bxc5 exd4 43. Bxd4 Qxe3 44. fxe3 Re4 45. g3 b6 46. Kf2 Kb7 47. Ra1 Rg4 48. Kg2 Re4 49. Rf1 Kc7 50. Rf4 Re8 51. Kf3 Ne7 52. Bf6 Kd7 53. e4 Rf8 54. Bd4 fxe4+ 55. Kxe4 Nf5 56. Bxb6 Nxg3+ 57. Kf3 Nf5 58. Bf2 Ra8 59. Re4 Ra3+ 60. Kf4 Ra2 61. Kf3 Ra3+ 62. Kg2 Ra2 63. b6 Rb2 64. Kf3 Rb3+ 65. Kg2 Rb2 66. Kf1 Rb1+ 67. Re1 Rb4 68. Rc1 Kc8 69. Rc2 Kb7 70. Ke2 Rb3 71. Ra2 Ng3+ 72. Kd1 Ne4 73. Ra7+ Kb8 74. Rf7 Rc3 75. Rf8+ Kb7 76. Rf7+ Kb8 1/2-1/2

[Event "Geneve Open"]
[Site "Geneva SUI"]
[Date "1995.??.??"]
[Round "9"]
[White "Gurevich, Dmitry B"]
[Black "Gheorghiu, Florin"]
[Result "1/2-1/2"]
[WhiteElo "2530"]
[BlackElo "2475"]
[PlyCount "47"]
[EventDate "1995.??.??"]
[Source "www.chesslib.no"]
[SourceDate "2004.05.04"]

1. d4 c5 2. d5 e5 3. e4 d6 4. f4 exf4 5. Bxf4 Ne7 6. Bb5+ Bd7 7. Bxd7+ Qxd7 8. Nd2 Ng6 9. Bg3 Be7 10. Ngf3 O-O 11. O-O f5 12. exf5 Rxf5 13. Nc4 Na6 14. c3 Nc7 15. Qb3 b6 16. Nfe5 Rxf1+ 17. Rxf1 Nxe5 18. Nxe5 dxe5 19. d6+ Qe6 20. dxe7 Qxb3 21. axb3 Nd5 22. Rd1 Nxe7 23. Bxe5 Nc6 24. Bc7 1/2-1/2

[Event "Cappelle op"]
[Site "Cappelle"]
[Date "1993.??.??"]
[Round "7"]
[White "Baburin, Alexander"]
[Black "Brestian, Egon"]
[Result "1-0"]
[WhiteElo "2550"]
[BlackElo "2450"]
[PlyCount "96"]
[EventDate "1993.??.??"]
[Source "www.chesslib.no"]
[SourceDate "2004.05.04"]

1. d4 c5 2. d5 e5 3. e4 d6 4. Nc3 Be7 5. Nf3 Bg4 6. h3 Bxf3 7. Qxf3 Nd7 8. g3 a6 9. h4 h5 10. a4 Ngf6 11. a5 Ng4 12. Bd2 g5 13. Bh3 gxh4 14. Bxg4 hxg4 15. Qxg4 Bf6 16. gxh4 Rxh4 17. Rxh4 Bxh4 18. O-O-O Qe7 19. Rh1 Bf6 20. Ne2 O-O-O 21. Ng3 Kc7 22. Nf5 Qe8 23. b3 Nf8 24. Qg8 Qd7 25. Nh6 Ng6 26. Qxf7 Qxf7 27. Nxf7 Rd7 28. Nh6 Rh7 29. Rh2 Nf4 30. Ng4 Rxh2 31. Nxh2 Bh4 32. Ng4 Nh3 33. Be3 Ng5 34. Bxg5 Bxg5+ 35. Kd1 Kd7 36. c3 Bd8 37. b4 cxb4 38. cxb4 Kc7 39. Kc2 b6 40. axb6+ Kxb6 41. Ne3 Kb5 42. Kb3 a5 43. Nc4 a4+ 44. Kc3 Bc7 45. Na3+ Ka6 46. Kc4 Bd8 47. Nb5 Be7 48. f3 Bf8 1-0

[Event "Zagreb CRO"]
[Site "Zagreb CRO"]
[Date "1985.??.??"]
[Round "12"]
[White "Cebalo, Miso"]
[Black "Ivanovic, Bozidar"]
[Result "1/2-1/2"]
[WhiteElo "2485"]
[BlackElo "2515"]
[PlyCount "46"]
[EventDate "1985.??.??"]
[Source "www.chesslib.no"]
[SourceDate "2004.05.04"]

1. d4 c5 2. d5 e5 3. e4 d6 4. Nc3 Ne7 5. a4 a6 6. a5 Nd7 7. Nf3 Ng6 8. Nd2 b5 9. axb6 Nxb6 10. g3 Be7 11. h4 O-O 12. Bd3 Qd7 13. Rf1 Nh8 14. f4 exf4 15. Qh5 Nc4 16. Ncb1 Bf6 17. Qg6 Nxb2 18. c3 Be7 19. Qg4 Qc7 20. Nb3 Qd7 21. Bxb2 a5 22. Kd1 a4 23. Nc1 Qc6 1/2-1/2

[Event "Toulon"]
[Site "?"]
[Date "2001.11.01"]
[Round "5"]
[White "Ikonnikov Vyacheslav"]
[Black "Georgiev Krum"]
[Result "1-0"]
[WhiteElo "2509"]
[BlackElo "2487"]
[PlyCount "113"]
[EventDate "2001.??.??"]
[Source "www.chesslib.no"]
[SourceDate "2004.05.04"]

1. d4 c5 2. d5 e5 3. e4 d6 4. Nc3 g6 5. Bb5+ Nd7 6. a4 h5 7. Nf3 Bh6 8. Nd2 a6 9. Be2 b6 10. Nc4 Qe7 11. O-O Kf8 12. Rb1 Kg7 13. b4 Bf4 14. bxc5 bxc5 15. a5 Ngf6 16. Qd3 Ne8 17. Na4 Nc7 18. Nab6 Rb8 19. Bxf4 exf4 20. Nxd7 Bxd7 21. e5 Bf5 22. Qd2 Nb5 23. exd6 Nxd6 24. Rxb8 Rxb8 25. Qxf4 Nxc4 26. Qxc4 Rb2 27. Bd3 Bxd3 28. Qxd3 Qe5 29. Rd1 Rb4 30. c3 c4 31. Qd2 Rb7 32. f4 Qe4 33. Qd4+ Qxd4+ 34. Rxd4 Kf8 35. Rxc4 Rb5 36. Rc8+ Ke7 37. c4 Rxa5 38. Kf2 Ra2+ 39. Kf3 Kd7 40. Rc6 a5 41. h4 a4 42. Ke4 a3 43. Ra6 Re2+ 44. Kd4 a2 45. g3 Kc7 46. Kc5 Rd2 47. Ra3 Re2 48. d6+ Kb7 49. Rb3+ Ka7 50. d7 Rd2 51. Ra3+ Kb7 52. Rxa2 Rxd7 53. Ra3 Kc8 54. Kc6 Rc7+ 55. Kd5 Rd7+ 56. Ke5 Re7+ 57. Kf6 1-0

[Event "It Open"]
[Site "It (open)"]
[Date "1993.??.??"]
[Round "?"]
[White "Vaisser, Anatoli V"]
[Black "Chabanon, Jean-Luc"]
[Result "0-1"]
[WhiteElo "2570"]
[BlackElo "2425"]
[PlyCount "98"]
[EventDate "1993.??.??"]
[Source "www.chesslib.no"]
[SourceDate "2004.05.04"]

1. d4 c5 2. d5 e5 3. e4 d6 4. Bb5+ Nd7 5. a4 a6 6. Be2 Ne7 7. Nc3 f5 8. Bg5 Nf6 9. Bh5+ Nxh5 10. Qxh5+ g6 11. Qh4 Bg7 12. Nf3 h6 13. Bxe7 Qxe7 14. Qxe7+ Kxe7 15. a5 Bd7 16. Nd2 Rac8 17. Nc4 Rc7 18. Ra3 Bb5 19. Nb6 c4 20. f3 h5 21. Kd1 Bh6 22. Re1 h4 23. h3 Bf4 24. Ne2 Bh6 25. f4 Kf6 26. fxe5+ dxe5 27. Rf3 f4 28. Nc3 Bf8 29. d6 Rc6 30. d7 Bc5 31. Ke2 Ke6 32. Rd1 Rd8 33. Rd5 Bxb6 34. axb6 Rxb6 35. Rc5 Bc6 36. Rxc4 Rxb2 37. Kd2 Rxd7+ 38. Kc1 Rb6 39. Rf2 g5 40. Rc5 Rb4 41. Re2 Rdd4 42. Ra5 Rbc4 43. Kb2 Kd6 44. Ra1 Rc5 45. Ra3 a5 46. Re1 a4 47. Raa1 Rb4+ 48. Ka3 Rbc4 49. Rad1+ Kc7 0-1

[Event "56th ch-YUG, Herceg Novi YUG"]
[Site "?"]
[Date "2001.??.??"]
[Round "3"]
[White "Blagojevic, D."]
[Black "Kosic, D."]
[Result "1-0"]
[WhiteElo "2485"]
[BlackElo "2500"]
[PlyCount "73"]
[EventDate "2001.??.??"]
[Source "www.chesslib.no"]
[SourceDate "2004.05.04"]

1. d4 c5 2. d5 e5 3. e4 d6 4. Be2 Be7 5. Nf3 Nf6 6. Nc3 Nbd7 7. O-O Nf8 8. a4 Ng6 9. g3 O-O 10. Nd2 Ne8 11. Nc4 Bh3 12. Re1 f5 13. exf5 Bxf5 14. Bg4 Qd7 15. Ne3 Bxg4 16. Qxg4 Qd8 17. Nc4 Nf6 18. Qh3 Rf7 19. Bg5 Ne8 20. Bxe7 Nxe7 21. Ne4 Nf5 22. c3 g6 23. Rf1 Rc8 24. f4 exf4 25. Rxf4 Rcc7 26. Raf1 h5 27. g4 hxg4 28. Rxg4 Rg7 29. Ng5 Rce7 30. Ne6 Rxe6 31. dxe6 Qe7 32. Ne3 Qxe6 33. Rg3 Qe5 34. Nxf5 gxf5 35. Rxf5 Qe3+ 36. Rf2 Qe1+ 37. Qf1 1-0

[Event "Premier, Hastings ENG"]
[Site "Hastings"]
[Date "1998.??.??"]
[Round "5"]
[White "Prudnikova, Svetlana"]
[Black "Clausel, Rodolfo"]
[Result "1/2-1/2"]
[WhiteElo "2525"]
[BlackElo "2460"]
[PlyCount "104"]
[EventDate "1998.??.??"]
[Source "www.chesslib.no"]
[SourceDate "2004.05.04"]

1. d4 c5 2. d5 e5 3. e4 d6 4. Be2 Nf6 5. Nc3 Be7 6. Nf3 Nbd7 7. h3 h6 8. Be3 Nf8 9. g3 Ng6 10. h4 Bg4 11. Nh2 Bd7 12. h5 Nf8 13. f4 Qb8 14. a4 Bc8 15. fxe5 dxe5 16. Qd2 Bd6 17. g4 a6 18. Rg1 N8h7 19. Nf1 Bd7 20. g5 hxg5 21. Bxg5 Nxg5 22. Qxg5 Rh7 23. Ne3 b5 24. axb5 axb5 25. Rxa8 Qxa8 26. Bxb5 Bxb5 27. Nxb5 Qa5+ 28. Nc3 Nxe4 29. Qf5 Nxc3 30. bxc3 Qxc3+ 31. Ke2 g6 32. Rxg6 fxg6 33. Qc8+ Kf7 34. hxg6+ Kxg6 35. Qe6+ Kg5 36. Qg4+ Kf6 37. Qe6+ Kg5 38. Qf5+ Kh6 39. Qf6+ Kh5 40. Qf5+ Kh6 41. Qe6+ Kg7 42. Nf5+ Kf8 43. Qxd6+ Ke8 44. Qe6+ Kf8 45. Qf6+ Kg8 46. Qg6+ Kf8 47. Qf6+ Kg8 48. Qg6+ Kf8 49. Qxh7 Qxc2+ 50. Ke3 Qc1+ 51. Ke4 Qe1+ 52. Kd3 e4+ 1/2-1/2

[Event "II Campionato Italiano Lampo Online"]
[Site "playchess.com"]
[Date "2007.12.23"]
[Round "1.2"]
[White "Rombaldoni, Denis"]
[Black "Caselli, Luigi"]
[Result "1-0"]
[WhiteElo "2537"]
[BlackElo "2447"]
[PlyCount "111"]
[EventDate "2007.12.23"]
[Source "www.chesslib.no"]
[SourceDate "2004.05.04"]

1. d4 c5 2. d5 e5 3. e4 d6 4. Nc3 a6 5. a4 Be7 6. Nf3 Bg4 7. Be2 Bxf3 8. Bxf3 Bg5 9. Bxg5 Qxg5 10. Qd2 Qe7 11. a5 Nd7 12. h4 Nh6 13. h5 f5 14. exf5 Nxf5 15. Be4 O-O 16. O-O-O Nd4 17. h6 g6 18. f3 Nf6 19. Qe3 Rab8 20. Na4 Qc7 21. Nb6 Nd7 22. Qg5 Nxb6 23. axb6 Qf7 24. c3 Nf5 25. Bxf5 Qxf5 26. Qe7 Qf6 27. Qxf6 Rxf6 28. Rh4 Rbf8 29. Kc2 Rf4 30. Rhh1 e4 31. fxe4 Rxe4 32. Rde1 Rfe8 33. Rxe4 Rxe4 34. Kd3 Re5 35. c4 Kf7 36. Rf1+ Rf5 37. Rxf5+ gxf5 38. Ke3 a5 39. Kf4 Kg6 40. b3 Kf6 41. g4 fxg4 42. Kxg4 Kg6 43. Kf4 Kxh6 44. Kf5 Kg7 45. Ke6 h5 46. Kxd6 h4 47. Kc7 h3 48. d6 h2 49. d7 h1=Q 50. d8=Q Qc6+ 51. Kb8 a4 52. Qc7+ Kf6 53. Qxc6+ bxc6 54. bxa4 Ke6 55. Kc7 Ke7 56. b7 1-0

[Event "Rome m"]
[Site "Rome"]
[Date "1977.??.??"]
[Round "?"]
[White "Tatai, Stefano"]
[Black "Mariotti, Sergio"]
[Result "1-0"]
[WhiteElo "2480"]
[BlackElo "2490"]
[PlyCount "91"]
[EventDate "1977.??.??"]
[Source "www.chesslib.no"]
[SourceDate "2004.05.04"]

1. d4 c5 2. d5 e5 3. e4 d6 4. f4 exf4 5. Bxf4 Ne7 6. Bb5+ Bd7 7. Bxd7+ Qxd7 8. Nd2 Ng6 9. Bg3 Be7 10. Ngf3 O-O 11. O-O Qc7 12. Nc4 b5 13. Ne3 Nd7 14. Nf5 f6 15. N3h4 Rf7 16. Nxg6 hxg6 17. Nh4 Nf8 18. a4 b4 19. c3 Qd7 20. cxb4 cxb4 21. Nf3 Bd8 22. a5 Re7 23. Qd3 Nh7 24. Rfe1 Re8 25. Nd4 Ng5 26. Nc6 Nf7 27. b3 f5 28. exf5 Rxe1+ 29. Rxe1 gxf5 30. Re6 Rc8 31. Qxf5 Rxc6 32. dxc6 Qxc6 33. h3 Bf6 34. Kh2 Kf8 35. Re4 Qb7 36. Rc4 Ke7 37. Qe4+ Qxe4 38. Rxe4+ Kd7 39. Rxb4 Nd8 40. a6 Bc3 41. Rc4 Bf6 42. b4 Ne6 43. b5 Bd8 44. Bf2 d5 45. Rc6 Bc7+ 46. Kg1 1-0

[Event "It (open) \\"]
[Site "?"]
[Date "2005.06.22"]
[Round "5"]
[White "Yevseev Denis"]
[Black "Eliseev Alexey"]
[Result "1-0"]
[WhiteElo "2530"]
[BlackElo "2439"]
[PlyCount "139"]
[EventDate "2005.??.??"]
[Source "www.chesslib.no"]
[SourceDate "2004.05.04"]

1. d4 c5 2. d5 e5 3. e4 d6 4. Nc3 g6 5. h4 Bh6 6. Bxh6 Nxh6 7. Qd2 Ng4 8. h5 a6 9. hxg6 fxg6 10. a4 Nd7 11. Be2 Ngf6 12. Nf3 Nf8 13. Nh2 Qe7 14. Nf1 Bg4 15. Bc4 Nh5 16. Ne3 Qg5 17. Bf1 h6 18. Nc4 Qxd2+ 19. Kxd2 Ke7 20. Ra3 Nf6 21. Rb3 Ra7 22. f3 Bc8 23. g3 h5 24. f4 N8d7 25. Bh3 Rg8 26. Be6 Rg7 27. Rf1 Ne8 28. Bxd7 Bxd7 29. fxe5 dxe5 30. Rb6 g5 31. d6+ Ke6 32. Rf5 Bc6 33. Rxe5+ Kd7 34. Rxc5 h4 35. gxh4 gxh4 36. Rh5 Nxd6 37. Nxd6 Kxd6 38. Rxh4 Ra8 39. Rh5 Rd8 40. Rd5+ Kc7 41. Rxd8 Kxd8 42. Rb4 Kd7 43. Rd4+ Ke6 44. b3 Ke5 45. Rd8 Bd7 46. Kc1 Kd4 47. Kb2 Kc5 48. Rh8 Bc6 49. Rh5+ Kd4 50. Rh3 Rg4 51. Rd3+ Kc5 52. Re3 Kd4 53. Re2 Ke5 54. b4 Rg5 55. b5 axb5 56. axb5 Be8 57. Kb3 Bf7+ 58. Kb4 Rg8 59. Na4 Bh5 60. Rd2 Be8 61. Rd8 Kxe4 62. Nc5+ Ke5 63. c4 b6 64. Na4 Bf7 65. Rxg8 Bxg8 66. Nxb6 Kd6 67. c5+ Kc7 68. Nc4 Bd5 69. Ne5 Bg2 70. Ka5 1-0

[Event "Lazne Bohdanec"]
[Site "Lazne Bohdanec"]
[Date "1994.??.??"]
[Round "10"]
[White "Hausner, Ivan"]
[Black "Vokac, Marek"]
[Result "1/2-1/2"]
[WhiteElo "2480"]
[BlackElo "2485"]
[PlyCount "84"]
[EventDate "1994.02.??"]
[Source "ChessBase"]

1. d4 c5 2. d5 e5 3. e4 d6 4. Bd3 Be7 5. Nf3 h6 6. Nbd2 Bg5 7. a4 Bxd2+ 8. Nxd2 Ne7 9. Nc4 Ng6 10. O-O O-O 11. Bd2 Qe7 12. b4 Nd7 13. Re1 b6 14. g3 Nf6 15. Bf1 Bg4 16. f3 Bd7 17. Ra3 Nh7 18. Bg2 Rac8 19. b5 Rce8 20. Rb3 f5 21. f4 Nf6 22. exf5 Bxf5 23. h3 Qd7 24. fxe5 Nxe5 25. Nxe5 dxe5 26. g4 Bg6 27. c4 Qd6 28. Rbe3 Nd7 29. Qe2 e4 30. Kh1 Re7 31. Rf1 Rxf1+ 32. Qxf1 Ne5 33. Be1 Rf7 34. Qe2 Nf3 35. Bxf3 exf3 36. Rxf3 Rxf3 37. Qxf3 Qe7 38. Qc3 Qe2 39. Qd2 Be4+ 40. Kg1 Qf3 41. Kh2 Qh1+ 42. Kg3 Qf3+ 1/2-1/2

[Event "Le Touquet Open"]
[Site "Le Touquet"]
[Date "1995.??.??"]
[Round "?"]
[White "Chuchelov, Vladimir"]
[Black "Haik, Aldo"]
[Result "1/2-1/2"]
[WhiteElo "2530"]
[BlackElo "2435"]
[PlyCount "89"]
[EventDate "1995.??.??"]
[Source "www.chesslib.no"]
[SourceDate "2004.05.04"]

1. d4 c5 2. d5 e5 3. e4 d6 4. Nf3 a6 5. a4 Bg4 6. Be2 Bxf3 7. Bxf3 Be7 8. Na3 Nd7 9. O-O Ngf6 10. Nc4 b5 11. Ne3 O-O 12. Nf5 Re8 13. Qe2 b4 14. a5 Bf8 15. Ne3 g6 16. Nc4 Qe7 17. g3 Reb8 18. Bg5 h6 19. Bd2 Ne8 20. h4 Nc7 21. h5 Nb5 22. c3 Nf6 23. Kg2 bxc3 24. bxc3 Nh7 25. Bg4 Ra7 26. Rh1 Ng5 27. Rae1 Re8 28. Qd3 Bg7 29. f4 Nxe4 30. Qxe4 f5 31. Bxf5 gxf5 32. Qxf5 e4 33. Qg6 Qf8 34. Rxe4 Rxe4 35. Qxe4 Re7 36. Qd3 Qe8 37. Kf3 Qf7 38. g4 Nd4+ 39. Kf2 Re2+ 40. Kf1 Qxd5 41. Rg1 Rh2 42. cxd4 Bxd4 43. Qg6+ Bg7 44. Qe8+ Kh7 45. Qg6+ 1/2-1/2

[Event "MK Cafe Cup Koszalin POL"]
[Site "?"]
[Date "1998.??.??"]
[Round "?"]
[White "Izeta, F."]
[Black "Sulskis, S."]
[Result "0-1"]
[WhiteElo "2475"]
[BlackElo "2485"]
[PlyCount "60"]
[EventDate "1998.??.??"]
[Source "www.chesslib.no"]
[SourceDate "2004.05.04"]

1. d4 c5 2. d5 e5 3. e4 d6 4. Nc3 g6 5. Nf3 Bh6 6. Bxh6 Nxh6 7. h4 Kf8 8. Nd2 Kg7 9. Nc4 f6 10. g3 Na6 11. Qd2 Nc7 12. a4 b6 13. f4 Qe7 14. O-O-O Rb8 15. Bh3 Ba6 16. Ne3 b5 17. axb5 Nxb5 18. Nxb5 Rxb5 19. Bf1 Rb6 20. f5 Qb7 21. b3 Rb4 22. fxg6 hxg6 23. Bc4 Bxc4 24. Nxc4 a5 25. g4 a4 26. g5 axb3 27. gxh6+ Kh7 28. h5 Kg8 29. cxb3 Rxb3 30. Kc2 Rb5 0-1

[Event "Merida op"]
[Site "?"]
[Date "2001.??.??"]
[Round "4"]
[White "Gonzalez Garcia Jose"]
[Black "Gonzalez Zamora Juan Carlos"]
[Result "1/2-1/2"]
[WhiteElo "2429"]
[BlackElo "2531"]
[PlyCount "67"]
[EventDate "2001.??.??"]
[Source "www.chesslib.no"]
[SourceDate "2004.05.04"]

1. d4 c5 2. d5 e5 3. e4 d6 4. Nc3 a6 5. a4 Ne7 6. g3 Ng6 7. h4 Be7 8. Bh3 Nd7 9. Nf3 Nf6 10. Bxc8 Qxc8 11. Nd2 O-O 12. Nc4 Nd7 13. h5 Nh8 14. Qg4 Nb6 15. Qxc8 Nxc8 16. f4 exf4 17. gxf4 Re8 18. Kf2 Bf6 19. Kf3 Bxc3 20. bxc3 f6 21. Rb1 b5 22. axb5 axb5 23. Rxb5 Ra4 24. Nd2 f5 25. exf5 Ne7 26. Re1 Rxf4+ 27. Kxf4 Nxd5+ 28. Kf3 Rxe1 29. Rb8+ Kf7 30. Bb2 Re3+ 31. Kf2 Re5 32. Rxh8 Rxf5+ 33. Nf3 Rxh5 34. Rc8 1/2-1/2

[Event "Arctic Chess Challenge 2008"]
[Site "Tromsø NOR"]
[Date "2008.08.04"]
[Round "3"]
[White "Malakhatko, Vadim"]
[Black "Zozulia, Anna"]
[Result "1-0"]
[WhiteElo "2612"]
[BlackElo "2346"]
[PlyCount "51"]
[EventDate "2008.08.02"]
[Source "www.chesslib.no"]
[SourceDate "2004.05.04"]

1. d4 c5 2. d5 d6 3. e4 e5 4. Nc3 Be7 5. Nf3 Nf6 6. Nd2 O-O 7. Be2 a6 8. a4 b6 9. O-O Nbd7 10. Nc4 Ne8 11. g3 Bf6 12. Be3 Qe7 13. Qd2 g6 14. Rab1 a5 15. Rbe1 Bg7 16. Bd3 Ba6 17. b3 Nc7 18. f4 exf4 19. gxf4 Bxc4 20. bxc4 Rae8 21. e5 dxe5 22. f5 Nf6 23. Bg5 Qd6 24. Bxf6 Bxf6 25. Ne4 Qd8 26. d6 1-0

[Event "CZE Ch"]
[Site "Olomouc CZE"]
[Date "1995.??.??"]
[Round "?"]
[White "Stocek, Jiri"]
[Black "Vokac, Marek"]
[Result "0-1"]
[WhiteElo "2480"]
[BlackElo "2475"]
[PlyCount "102"]
[EventDate "1995.??.??"]
[Source "www.chesslib.no"]
[SourceDate "2004.05.04"]

1. d4 c5 2. d5 e5 3. e4 d6 4. Nf3 Be7 5. Bb5+ Kf8 6. Bd3 h6 7. Nbd2 Bg5 8. h4 Bxd2+ 9. Nxd2 Nf6 10. a4 Qe7 11. Nc4 g6 12. Bd2 Nbd7 13. Ne3 Nh5 14. g3 Ndf6 15. a5 Bd7 16. b4 cxb4 17. Bxb4 Kg7 18. Qf3 Ne8 19. c4 Rc8 20. Rb1 Rc7 21. Ba3 Kh7 22. O-O Nhg7 23. Rfe1 Rf8 24. c5 dxc5 25. d6 Qxd6 26. Nd5 Bc6 27. Nxc7 Nxc7 28. Qe3 Nce6 29. Bb5 Nd4 30. Bxc6 Qxc6 31. Rb2 b5 32. axb6 axb6 33. f4 exf4 34. Qxf4 Nh5 35. Qe3 Re8 36. Rf2 f5 37. e5 Nf6 38. Qf4 Ne4 39. Rff1 g5 40. hxg5 hxg5 41. Qe3 Rxe5 42. Bb2 Qd5 43. Rd1 f4 44. Qd3 Kh6 45. Bxd4 cxd4 46. gxf4 gxf4 47. Rxf4 Rg5+ 48. Kf1 Ng3+ 49. Kf2 Nh1+ 50. Rxh1+ Qxh1 51. Qe4 Qh2+ 0-1

[Event "Schneider Memorial"]
[Site "Budapest HUN"]
[Date "1994.??.??"]
[Round "?"]
[White "Burmakin, Vladimir"]
[Black "Kosanski, Stanko"]
[Result "1-0"]
[WhiteElo "2530"]
[BlackElo "2425"]
[PlyCount "99"]
[EventDate "1994.??.??"]
[Source "www.chesslib.no"]
[SourceDate "2004.05.04"]

1. d4 c5 2. d5 d6 3. e4 e5 4. dxe6 Bxe6 5. Nc3 a6 6. Nge2 Nc6 7. Nf4 Nf6 8. a4 Bd7 9. Nfd5 Nxd5 10. Nxd5 Ne7 11. Bc4 Nxd5 12. Bxd5 Bc6 13. Ra3 Be7 14. Qh5 g6 15. Bxc6+ bxc6 16. Qh6 Bf8 17. Qd2 Bg7 18. Rd3 Qe7 19. Rxd6 O-O 20. O-O Qxe4 21. b3 Rac8 22. Ba3 Qf5 23. Qd3 Qh5 24. g3 a5 25. Qc4 Rfe8 26. Rd7 Qf5 27. Ra7 Rcd8 28. Qxc5 Qf3 29. Qc4 Rd6 30. Qa6 Rd1 31. Re7 Red8 32. Re3 Rxf1+ 33. Qxf1 Qf5 34. Qe2 h5 35. Rf3 Qg4 36. Kg2 Qg5 37. Qc4 Qd5 38. Qxd5 cxd5 39. Rd3 f5 40. Bc5 Kf7 41. Bb6 Rc8 42. Rxd5 Rxc2 43. Rxa5 Ke6 44. Be3 f4 45. gxf4 Ra2 46. Rb5 Bc3 47. Kf3 Rc2 48. a5 Ra2 49. Rb6+ Kf5 50. a6 1-0

[Event "Voronezh RUS"]
[Site "?"]
[Date "2006.06.13"]
[Round "2"]
[White "Mihajlovskij Sergei"]
[Black "Vorobiov Evgeny E"]
[Result "1/2-1/2"]
[WhiteElo "2414"]
[BlackElo "2540"]
[PlyCount "39"]
[EventDate "2006.??.??"]
[Source "www.chesslib.no"]
[SourceDate "2004.05.04"]

1. d4 c5 2. d5 e5 3. e4 d6 4. Nc3 Nd7 5. a4 Be7 6. Nf3 Ngf6 7. Nd2 O-O 8. a5 Ne8 9. h4 Nc7 10. Nc4 Nf6 11. Bg5 Nfe8 12. Bd2 Bd7 13. Bd3 Rb8 14. g3 b5 15. axb6 axb6 16. O-O b5 17. Na5 Nf6 18. Bg5 b4 19. Bxf6 Bxf6 20. Nb1 1/2-1/2

[Event "ZAZ Cup"]
[Site "Zaporozhye"]
[Date "2004.09.26"]
[Round "9"]
[White "Malinin, Vasily B"]
[Black "Pavlov, Maxim"]
[Result "0-1"]
[WhiteElo "2521"]
[BlackElo "2431"]
[PlyCount "84"]
[EventDate "2004.09.19"]
[Source "Roberto Alvarez"]
[SourceDate "2004.10.18"]

1. d4 c5 2. d5 e5 3. e4 d6 4. Bd3 Be7 5. Nd2 Bg5 6. h3 Ne7 7. Ngf3 Bh6 8. g4 Ng6 9. c3 Bf4 10. b4 Nd7 11. Ba3 b6 12. Nc4 Qc7 13. h4 b5 14. Na5 c4 15. Bf1 Nf6 16. h5 Ne7 17. h6 g6 18. Bc1 Bxc1 19. Rxc1 Bxg4 20. Rh4 Bh5 21. Bg2 O-O 22. Qd2 Bxf3 23. Bxf3 Nd7 24. Ke2 f5 25. Qg5 Nb6 26. Rg1 Kh8 27. Qd2 Rf6 28. Bg2 Raf8 29. Rf1 fxe4 30. Bxe4 Nf5 31. Rh3 Qf7 32. f3 Ne7 33. Rd1 Rf4 34. Qe1 Nbxd5 35. Rg3 Nf6 36. Bb7 d5 37. Kd2 Qe6 38. Kc2 Nf5 39. Rg2 Rxf3 40. Re2 e4 41. Kb2 Rd3 42. Rc1 e3 0-1